| 000 | 02595ngm a2200505 i 4500 | ||
|---|---|---|---|
| 001 | 991061511069006706 | ||
| 003 | ES-BaIT | ||
| 005 | 20251030103257.0 | ||
| 007 | vz#uuuuuu | ||
| 008 | 251030s2016 xx 086 q vlger c | ||
| 024 | 3 | _a4006448364373 | |
| 040 |
_aES-BaIT _bcat _erda _cES-BaIT |
||
| 041 | 0 |
_ager _arus |
|
| 080 | _a793.4(086.8) | ||
| 245 | 0 | 0 |
_aBolschoi Babylon / _cHBO documentary films present a Red Velvet Films; production in association with Red Box Films, Altitude Film Entertainment and BBC Storyville in co production with Bayerischer Rundfunk and Mitteldeutscher Rundfunk and Arte "Bolshoi Babylon" directed by: Nick Read,; produced and directed by: Mark Franchetti |
| 246 | 3 |
_iPrecedeix el títol en el contenidor: _aSkandal, Intrigen, Aufopferung, Schauspiel |
|
| 264 | 1 |
_a[Lloc de publicació no identificat] : _bPolyband, _c[2016] |
|
| 264 | 4 | _c© 2016 | |
| 300 |
_a1 videodisc (83 min) : _bso, color ; _c12 cm |
||
| 336 |
_aimatge en moviment bidimensional _btdi _2rdacontent |
||
| 337 |
_avídeo _bv _2rdamedia |
||
| 338 |
_avideodisc _bvd _2rdacarrier |
||
| 344 |
_adigital _2rdatr |
||
| 344 |
_bòptic _2rdarm |
||
| 344 | _hdts-HD 5.1 | ||
| 347 | _bBlu-ray | ||
| 500 | _aTítol obtingut de la superfície del disc | ||
| 500 | _aExtres: Interviu amb Nick Read i Mark Franchetti. Escenes addicionals i tràiler | ||
| 500 | _a" Von den Produzenten von Man on Wire - Der Drahtseilakt und Searching for sugar man" -- Contenidor | ||
| 508 | _aMúsica: Smith & Elms | ||
| 520 | 3 | _a"Una mirada a las bambalinas de la prestigiosa compañía de ballet Bolshoi Theater de Moscú, un verdadero símbolo en Rusia. El documental se centra en el escándalo ocurrido en el año 2013, cuando el director artístico del Ballet, Sergei Filin, fue atacado con ácido por el bailarín Pavel Dmitrichenko, como represalia ante el supuesto tratamiento discriminatorio que Filin estaba dando a su novia, otra bailarina del Ballet. (FILMAFFINITY)" | |
| 546 | _aVersió original en alemany i rus. Subtítols: alemany i anglès | ||
| 610 | 2 | _aBol'shoi teatr SSSR. Balet | |
| 650 | 0 |
_aCompanyies de dansa clàssica _zRússia (RSFSR) _y S. XXI _9167722 |
|
| 650 | 7 |
_aDansa clàssica _xCoreografies _956589 |
|
| 650 | 0 |
_aDansa filmada _9166159 |
|
| 700 | 1 |
_aRead, Nick _edirector cinematogràfic _9167723 |
|
| 700 | 1 |
_aFranchetti, Mark _edirector cinematogràfic _9167724 |
|
| 710 |
_aBayerischer Rundfunk _9114348 |
||
| 710 | 2 |
_aMitteldeutscher Rundfunk _9167726 |
|
| 730 | 2 |
_aBolshoi Babylon _9167725 |
|
| 908 | _aCDMAE | ||
| 940 | _aCDMAE | ||
| 942 |
_2udc _c5 |
||
| 999 |
_c136775 _d136775 |
||